| 000 -LEADER |
| fixed length control field |
01752pab a2200169 454500 |
| 008 - FIXED-LENGTH DATA ELEMENTS--GENERAL INFORMATION |
| fixed length control field |
180718b2006 xxu||||| |||| 00| 0 eng d |
| 100 ## - MAIN ENTRY--PERSONAL NAME |
| Personal name |
Leyshon, Andrew |
| 245 ## - TITLE STATEMENT |
| Title |
Walking with moneylenders: the ecology of the UK home-collected credit industry |
| 260 ## - PUBLICATION, DISTRIBUTION, ETC. |
| Date of publication, distribution, etc. |
2006 |
| 300 ## - PHYSICAL DESCRIPTION |
| Extent |
p.161-86. |
| 362 ## - DATES OF PUBLICATION AND/OR SEQUENTIAL DESIGNATION |
| Dates of publication and/or sequential designation |
Jan |
| 520 ## - SUMMARY, ETC. |
| Summary, etc. |
The aim of the paper is to assess the role of doorstep credit companies in the delivery of financial services in areas affected by high levels of financial and social exclusion. In particular, the paper looks at the relationship between agents and customers using two metaphors associated with interaction between different species in an ecological setting - namely, parasitism and symbiotic mutualism. The metaphor of parasitism circulates widely within debates about moneylending in the media and among advocacy groups, such as the Consumer Association, that work on behalf of low-income individuals and households. The metaphor of symbiotic mutualism describes the depiction of the relationship between consumers and moneylenders put forward by the moneylending industry. Drawing on field work undertaken within moneylending companies, this paper argues that the relationship between the agents and customers is cultivated to overcome information asymmetries; that is, to produce information about customers' ability to repay. The paper investigates the way in which the initial knowledge about customers is developed during the weekly visits that agents make to the homes of customers. `Friendly' relationships are cultivated by agents to retain profitable customers who have earned the agent's trust. - Reproduced. |
| 650 ## - SUBJECT ADDED ENTRY--TOPICAL TERM |
| Topical term or geographic name entry element |
Credit - Great Britain |
| 650 ## - SUBJECT ADDED ENTRY--TOPICAL TERM |
| Topical term or geographic name entry element |
Credit |
| 773 ## - HOST ITEM ENTRY |
| Main entry heading |
Urban Studies |
| 909 ## - |
| -- |
69884 |